[Event "GMB"]
[Site "Wijk aan Zee NED"]
[Date "2003.01.21"]
[Round "9"]
[White "Koneru,H"]
[Black "Acs,P"]
[Result "1-0"]
[WhiteElo "2496"]
[BlackElo "2623"]
[EventDate "2003.01.14"]

1. d4 d5 2. Nf3 Nf6 3. c4 c6 4. e3 Bg4 5. Nc3 e6 6. Qb3 Qb6 7. Bd2 Nbd7 8.
Bd3 Be7 9. Qc2 Bh5 10. O-O Bg6 11. cxd5 exd5 12. Rab1 O-O 13. b4 Qc7 14.
Bxg6 hxg6 15. b5 c5 16. dxc5 Qxc5 17. Rfc1 Rfc8 18. Qd1 Qd6 19. Ne2 Rc4 20.
Ned4 Rac8 21. Rxc4 Rxc4 22. Bc1 Ne4 23. Bb2 Ndf6 24. h3 Bd8 25. Ne2 Bb6 26.
Bd4 Bxd4 27. Nfxd4 Qa3 28. Qb3 Qa5 29. Qb2 Nd7 30. f3 Nd6 31. Nf4 Nf6 32.
Rc1 Ra4 33. Nb3 Rxa2 34. Qe5 Qa3 35. Rc3 Qb4 36. Nd3 Qa3 37. Nbc1 Qa5 38.
Nxa2 Nc4 39. Qb8+ Kh7 40. Ndb4 1-0

[Event "GMB"]
[Site "Wijk aan Zee NED"]
[Date "2003.01.23"]
[Round "10"]
[White "Van der Wiel,J"]
[Black "Karjakin,Sergey"]
[Result "1/2-1/2"]
[WhiteElo "2509"]
[BlackElo "2547"]
[EventDate "2003.01.14"]

1. e4 c5 2. Nf3 d6 3. d4 cxd4 4. Nxd4 Nf6 5. Nc3 a6 6. a4 e5 7. Nde2 Nbd7
8. Ng3 Nc5 9. Bg5 Be7 10. Bc4 Be6 11. Bxf6 Bxf6 12. Bd5 Qb6 13. Qb1 Bh4 14.
a5 Qb4 15. O-O Bxg3 16. hxg3 O-O 17. Na2 Qb5 18. Nc3 Qb4 19. Na2 Qb5
1/2-1/2

[Event "GMB"]
[Site "Wijk aan Zee NED"]
[Date "2003.01.23"]
[Round "10"]
[White "Acs,P"]
[Black "Jonkman,H"]
[Result "1/2-1/2"]
[WhiteElo "2623"]
[BlackElo "2436"]
[EventDate "2003.01.14"]

1. e4 e5 2. Nf3 Nc6 3. Bb5 Nf6 4. O-O Nxe4 5. d4 Nd6 6. Bxc6 dxc6 7. dxe5
Nf5 8. Qxd8+ Kxd8 9. Nc3 Be7 10. Bg5 Bxg5 11. Nxg5 Ke7 12. Rad1 h6 13. Nf3
g5 14. h3 Be6 15. g4 Ng7 16. Kh2 Rad8 17. Kg3 Bc4 18. Rh1 Ne6 19. h4 Bd5
20. Nxd5+ cxd5 21. Nd4 Nxd4 22. Rxd4 Ke6 23. Re1 c5 24. Rd3 d4 25. Rf3 c4
26. b3 d3 27. cxd3 cxd3 28. Rf6+ Kd5 29. Rxf7 Kd4 30. e6 Rhe8 31. Rc7 b5
32. e7 Rd6 33. hxg5 hxg5 34. Rd1 a6 35. b4 Ke4 36. Re1+ Kd4 37. Kf3 Rf6+
38. Kg3 Rd6 39. Kf3 Rf6+ 40. Kg3 1/2-1/2

[Event "GMB"]
[Site "Wijk aan Zee NED"]
[Date "2003.01.23"]
[Round "10"]
[White "Rogers,I"]
[Black "Stellwagen,D"]
[Result "0-1"]
[WhiteElo "2569"]
[BlackElo "2427"]
[EventDate "2003.01.14"]

1. d4 d5 2. c4 c6 3. Nf3 Nf6 4. Nc3 e6 5. Bg5 dxc4 6. e4 b5 7. e5 h6 8. Bh4
g5 9. Nxg5 hxg5 10. Bxg5 Nbd7 11. g3 Bb7 12. Bg2 Qb6 13. exf6 O-O-O 14. O-O
c5 15. d5 b4 16. Rb1 Qa6 17. dxe6 Bxg2 18. e7 Bb7 19. exd8=Q+ Kxd8 20. Ne2
Kc8 21. Nf4 Bd6 22. Qe2 Qc6 23. f3 Be5 24. Kg2 Bd4 25. Rbd1 Ne5 26. Rxd4
Nxf3 27. Qxf3 Qxf3+ 28. Rxf3 cxd4 29. Kf2 Bxf3 30. Kxf3 Rxh2 31. Ng2 a5 32.
b3 a4 33. bxc4 a3 34. Bc1 d3 0-1

[Event "GMB"]
[Site "Wijk aan Zee NED"]
[Date "2003.01.24"]
[Round "11"]
[White "Jonkman,H"]
[Black "De Vreugt,D"]
[Result "0-1"]
[WhiteElo "2436"]
[BlackElo "2504"]
[EventDate "2003.01.14"]

1. e4 e5 2. Nf3 Nf6 3. Nc3 Nc6 4. g3 Bc5 5. Bg2 d6 6. d3 h6 7. Na4 Be6 8.
O-O Qd7 9. a3 Bg4 10. Nxc5 dxc5 11. Be3 b6 12. Qd2 O-O-O 13. Ne1 g5 14. f3
Be6 15. Rf2 Nd4 16. Qc3 Qd6 17. b4 Nd7 18. Kh1 f5 19. f4 fxe4 20. Bxe4 exf4
21. gxf4 Bd5 22. bxc5 Nxc5 23. Bxd5 Qxd5+ 24. Ng2 Nce6 25. Re1 Nf3 26. Ref1
g4 27. Qc4 Qxc4 28. dxc4 Ng7 29. Ne1 Nxe1 30. Rxe1 Nf5 31. Bd2 Nh4 32. Bc3
Rhf8 33. Bg7 Rfe8 34. Rg1 Nf5 35. Be5 h5 36. a4 Re6 37. c5 bxc5 38. Re2 Rd5
39. a5 c4 40. Ra1 Kb7 41. Kg2 a6 42. Ra4 Nd6 43. h3 gxh3+ 44. Kxh3 Nf7 45.
Rb4+ Kc8 46. Rxc4 Nxe5 47. fxe5 Rexe5 48. Rg2 Rc5 49. Rb4 Rb5 50. Rd4 Rxa5
51. Kh4 Kb7 52. Rg6 Rec5 53. Rd2 Ra4+ 54. Kg3 h4+ 55. Kf3 Rc3+ 56. Kf2 Ra2
0-1

[Event "GMB"]
[Site "Wijk aan Zee NED"]
[Date "2003.01.24"]
[Round "11"]
[White "Zhang Zhong"]
[Black "Cmilyte,V"]
[Result "1-0"]
[WhiteElo "2624"]
[BlackElo "2452"]
[EventDate "2003.01.14"]

1. e4 c5 2. Nf3 e6 3. d3 Nc6 4. g3 Nge7 5. Bg2 g6 6. O-O Bg7 7. c3 O-O 8.
d4 d5 9. exd5 Nxd5 10. dxc5 Qe7 11. Nbd2 Qxc5 12. Ne4 Qa5 13. Bg5 h6 14.
Bd2 Qc7 15. c4 Nde7 16. Nc3 e5 17. Qc1 Kh7 18. Nd5 Qd6 19. Bc3 Bg4 20. Qe3
Nxd5 21. cxd5 Bxf3 22. Qxf3 Nd4 23. Qd3 f5 24. Rad1 Rad8 25. Qd2 f4 26. Be4
Rf7 27. Rfe1 fxg3 28. hxg3 Nf3+ 29. Bxf3 Rxf3 30. Re3 Rf7 31. Qe1 Qc5 32.
Bb4 Qc8 33. d6 Qg4 34. Bc3 Re8 35. Rd5 Qc4 36. Qd1 e4 37. Bxg7 Kxg7 38. d7
Rd8 39. Rc3 Qb4 40. Rc8 Qxb2 41. Rxd8 Qxf2+ 42. Kh1 Qxg3 43. Qd4+ 1-0

[Event "GMB"]
[Site "Wijk aan Zee NED"]
[Date "2003.01.24"]
[Round "11"]
[White "Stellwagen,D"]
[Black "Van der Wiel,J"]
[Result "0-1"]
[WhiteElo "2427"]
[BlackElo "2509"]
[EventDate "2003.01.14"]

1. e4 c5 2. Nf3 Nc6 3. d4 cxd4 4. Nxd4 Nf6 5. Nc3 e6 6. Nxc6 bxc6 7. e5 Nd5
8. Ne4 Qc7 9. f4 Qb6 10. c4 Ne3 11. Qd3 Nf5 12. g4 Nd4 13. Bg2 h5 14. Kf1
hxg4 15. Be3 c5 16. b4 Nf5 17. bxc5 Qa6 18. c6 Qxc4 19. Qxc4 Nxe3+ 20. Kf2
Nxc4 21. c7 Ba6 22. Nd6+ Bxd6 23. exd6 Rc8 24. Rhd1 f5 25. Rac1 Rxh2 26.
Kg3 Rxg2+ 27. Kxg2 Ne3+ 28. Kf2 Nxd1+ 29. Rxd1 Kf7 30. Rd4 Rh8 31. Ra4 Bc8
32. Rxa7 g5 0-1

[Event "GMB"]
[Site "Wijk aan Zee NED"]
[Date "2003.01.25"]
[Round "12"]
[White "Nijboer,F"]
[Black "Jonkman,H"]
[Result "1-0"]
[WhiteElo "2553"]
[BlackElo "2436"]
[EventDate "2003.01.14"]

1. e4 e5 2. Nf3 Nc6 3. Bb5 Nf6 4. O-O Nxe4 5. d4 Nd6 6. Bxc6 dxc6 7. dxe5
Nf5 8. Qxd8+ Kxd8 9. Nc3 Be7 10. Bg5 Bxg5 11. Nxg5 Ke7 12. Rad1 h6 13. Nf3
g5 14. Ne4 Be6 15. Nc5 Rhd8 16. Nxb7 Rdb8 17. Na5 Rxb2 18. Nxc6+ Ke8 19. a3
Rxc2 20. Rc1 Rxc1 21. Rxc1 Bd5 22. g4 Ng7 23. Nfd4 Ne6 24. Nf5 Nf4 25. Rc5
Bxc6 26. Rxc6 Rb8 27. h4 gxh4 28. Rxh6 Rb5 29. Rh8+ Kd7 30. Rf8 Rb1+ 31.
Kh2 Ke6 32. Re8+ Kd5 33. Nxh4 Rb3 34. Ng2 Nxg2 35. Kxg2 c5 36. Re7 c4 37.
Rxf7 Kxe5 38. g5 c3 39. Rc7 Kd4 40. f4 Kd3 41. g6 Ke4 42. g7 Rb8 43. Rxc3
Rg8 44. Rc7 Kxf4 45. Rxa7 Kg5 46. a4 Kh6 47. a5 Kh7 48. a6 Rc8 49. Rb7 1-0

[Event "GMB"]
[Site "Wijk aan Zee NED"]
[Date "2003.01.25"]
[Round "12"]
[White "Karjakin,Sergey"]
[Black "Stellwagen,D"]
[Result "1/2-1/2"]
[WhiteElo "2547"]
[BlackElo "2427"]
[EventDate "2003.01.14"]

1. e4 e6 2. d4 d5 3. Nc3 Nf6 4. Bg5 Bb4 5. e5 h6 6. Bd2 Bxc3 7. bxc3 Ne4 8.
Qg4 g6 9. Bd3 Nxd2 10. Kxd2 c5 11. Nf3 Bd7 12. Rab1 c4 13. Bxg6 Rg8 14.
Bxf7+ Kxf7 15. Qh5+ Kg7 16. Rxb7 Qf8 17. Rhb1 Qf4+ 18. Kd1 Rd8 19. Qh3 Qf7
20. Qg4+ Qg6 21. Qxg6+ Kxg6 22. Nh4+ Kf7 23. f4 Nc6 24. g4 Ne7 25. f5 Bc6
26. Rc7 Rdc8 27. Rxc8 Rxc8 28. f6 Ng6 29. Ng2 Rh8 1/2-1/2

[Event "GMB"]
[Site "Wijk aan Zee NED"]
[Date "2003.01.25"]
[Round "12"]
[White "Cmilyte,V"]
[Black "Koneru,H"]
[Result "0-1"]
[WhiteElo "2452"]
[BlackElo "2496"]
[EventDate "2003.01.14"]

1. d4 Nf6 2. c4 e6 3. Nc3 Bb4 4. Qc2 c5 5. dxc5 Bxc5 6. Nf3 Qb6 7. e3 Qc7
8. Be2 a6 9. O-O O-O 10. a3 Be7 11. e4 d6 12. Bf4 Nbd7 13. b4 b6 14. a4 Bb7
15. a5 Rfc8 16. Rfc1 bxa5 17. Rxa5 Qd8 18. Qb1 Qf8 19. Bd3 h6 20. h3 Bd8
21. Ra2 Bc7 22. Rb2 d5 23. Bxc7 dxc4 24. Bf4 cxd3 25. Qxd3 Nb6 26. Qd4 Nfd7
27. Bd6 Qe8 28. Nd2 e5 29. Qe3 Rc6 30. Bc5 Rg6 31. f3 Qe6 32. Kh2 Bc8 33.
Qf2 Rb8 34. Rbc2 Kh7 35. Be3 Bb7 36. Ne2 Qe7 37. Bc5 Qd8 38. Ng3 Rc8 39.
Nf5 Na4 40. Nd6 Rc7 41. Nxf7 Qc8 42. Nc4 Ndxc5 43. Nfxe5 Nb3 44. Rd1 Re6
45. Qe3 Rxe5 46. Qxb3 Re6 47. e5 Rec6 48. Nd6 Qf8 49. Rxc6 Bxc6 50. Qd3+ g6
51. Qd4 Bd7 52. Ne4 Be6 53. Nf6+ Kg7 54. Ra1 Nc3 55. Rc1 Qc8 56. Qb6 Kf7
57. Qe3 Kg7 58. Qb6 Bf7 59. e6 Kxf6 60. Qd4+ Ke7 61. Re1 Bxe6 62. Qg7+ Kd6
63. Qe5+ Kc6 64. Qxc3+ Kb7 65. Qe3 Rc6 66. Qxh6 Qc7+ 67. Kh1 Qg3 68. Qe3
Rc2 69. Qe4+ Kb8 70. f4 Rc6 71. Rd1 Qc3 72. Qxg6 Bxh3 73. Qe8+ Bc8 74. Qe5+
Qxe5 75. fxe5 Rc4 76. Re1 Be6 77. Rd1 Rxb4 78. Rd6 Bc8 79. e6 Re4 0-1

[Event "GMB"]
[Site "Wijk aan Zee NED"]
[Date "2003.01.26"]
[Round "13"]
[White "Zhang Zhong"]
[Black "Van der Wiel,J"]
[Result "1-0"]
[WhiteElo "2624"]
[BlackElo "2509"]
[EventDate "2003.01.14"]

1. e4 e5 2. Nf3 Nc6 3. Bb5 a6 4. Bxc6 dxc6 5. O-O f6 6. d4 exd4 7. Nxd4 c5
8. Ne2 Qxd1 9. Rxd1 Bd7 10. Nbc3 O-O-O 11. Be3 Re8 12. Rd2 Bc6 13. Rad1 b6
14. Nf4 Nh6 15. f3 Nf7 16. b3 Ne5 17. Nh5 f5 18. Bf4 fxe4 19. Nxe4 c4 20.
Rd4 cxb3 21. cxb3 Ng6 22. Bg3 Bxe4 23. Rxe4 Bc5+ 24. Bf2 Rxe4 25. fxe4
Bxf2+ 26. Kxf2 Rf8+ 27. Ke3 Rf7 28. Rd5 Kb7 29. g3 Ne7 30. Rd8 Nc6 31. Re8
g6 32. Nf4 g5 33. Nd3 Rf1 34. e5 Rh1 35. e6 Rxh2 36. e7 Nxe7 37. Rxe7 Rg2
38. Kf3 Rxa2 39. Rxh7 Ra3 40. Nc1 a5 41. Kg4 Ra1 42. Rh1 b5 43. Re1 Kb6 44.
Kxg5 b4 45. Kf4 c5 46. Re6+ Kb5 47. Nd3 a4 48. Re5 axb3 49. Rxc5+ Ka4 50.
Nb2+ Ka3 51. Nc4+ Ka2 52. Ra5+ Kb1 53. Nd2+ Kc2 54. Rxa1 Kxd2 55. g4 b2 56.
Rh1 Kc2 57. g5 b1=Q 58. Rxb1 Kxb1 59. g6 b3 60. g7 b2 61. g8=Q 1-0

[Event "GMB"]
[Site "Wijk aan Zee NED"]
[Date "2003.01.26"]
[Round "13"]
[White "Acs,P"]
[Black "De Vreugt,D"]
[Result "1/2-1/2"]
[WhiteElo "2623"]
[BlackElo "2504"]
[EventDate "2003.01.14"]

1. e4 e5 2. Nf3 Nc6 3. Bb5 a6 4. Ba4 Nf6 5. O-O Be7 6. Re1 b5 7. Bb3 O-O 8.
h3 Bb7 9. d3 d6 10. a3 Nb8 11. Nbd2 Nbd7 12. Nf1 Nc5 13. Ba2 Ne6 14. Ng3
Re8 15. Ng5 Bc8 16. f4 exf4 17. Bxf4 d5 18. Qf3 Bc5+ 19. Kh1 Nd4 20. Qd1 h6
21. Nf3 dxe4 22. Nxe4 Nxe4 23. Rxe4 Rxe4 24. dxe4 Be6 25. Nxd4 Qxd4 26.
Qxd4 Bxd4 27. Bxe6 fxe6 28. c3 Bb6 29. Rd1 Rf8 30. Be5 h5 31. h4 Rf2 32.
Rd7 Rf7 33. Rd8+ Rf8 34. Rd7 1/2-1/2

[Event "GMB"]
[Site "Wijk aan Zee NED"]
[Date "2003.01.26"]
[Round "13"]
[White "Jonkman,H"]
[Black "Cmilyte,V"]
[Result "1-0"]
[WhiteElo "2436"]
[BlackElo "2452"]
[EventDate "2003.01.14"]

1. e4 c5 2. c3 Nf6 3. e5 Nd5 4. Nf3 Nc6 5. d4 cxd4 6. Bc4 Nb6 7. Bb3 d6 8.
exd6 Qxd6 9. O-O Be6 10. Na3 a6 11. Bxe6 Qxe6 12. Nxd4 Nxd4 13. Qxd4 Rd8
14. Qh4 h5 15. h3 Qc6 16. Re1 e6 17. Nc2 Be7 18. Qg3 Bf6 19. Bg5 Qd6 20.
Qh4 Qe7 21. Bxf6 Qxf6 22. Qb4 Rd2 23. Qxb6 Rxc2 24. Qc5 Rd2 25. Rad1 Rd8
26. Rxd8+ Qxd8 27. Re4 Qe7 28. Qc8+ Qd8 29. Qxb7 Qd1+ 30. Kh2 Qd6+ 31. f4
O-O 32. Rd4 Qc5 33. Qxa6 Qf5 34. Qd3 Qa5 35. a3 Rb8 36. c4 Qc7 37. b4 Re8
38. c5 h4 39. Rd6 g6 40. Qb5 Ra8 41. Qd7 1-0

[Event "GMB"]
[Site "Wijk aan Zee NED"]
[Date "2003.01.26"]
[Round "13"]
[White "Koneru,H"]
[Black "Rogers,I"]
[Result "1-0"]
[WhiteElo "2496"]
[BlackElo "2569"]
[EventDate "2003.01.14"]

1. d4 Nf6 2. Nf3 c5 3. d5 b5 4. c4 e6 5. dxe6 fxe6 6. cxb5 Bb7 7. Nbd2 Be7
8. Qc2 Qa5 9. e3 a6 10. Qc3 axb5 11. Qxa5 Rxa5 12. Nb3 Ra4 13. Bxb5 Rg4 14.
Kf1 Rb4 15. Be2 Nc6 16. Nbd2 d5 17. b3 Rb6 18. Bb2 O-O 19. Bc3 Bd6 20. a4
Ba8 21. Bb5 Na7 22. Bd3 h6 23. Be5 Be7 24. a5 Rb7 25. a6 Rb6 26. Ke2 Nd7
27. Bc3 Nc6 28. Rhb1 Nb4 29. Bxb4 Rxb4 30. Ra5 e5 31. e4 dxe4 32. Bc4+ Rxc4
33. bxc4 exf3+ 34. gxf3 Nb8 35. a7 Nc6 36. Ra6 Kf7 37. Nb3 Ke8 38. Rd1 Rf6
39. Kf1 Rxf3 40. Rb6 Rf8 41. Rb5 Kf7 42. Ra1 Rd8 43. Nxc5 h5 44. Ra6 h4 45.
Nb7 Rc8 46. Na5 Nb4 47. Rb8 Rd8 48. Rab6 Rd1+ 49. Ke2 Ra1 50. Rxa8 Rxa5 51.
Rb7 Nc6 52. h3 e4 53. Kd1 g5 54. Rc7 Ra1+ 55. Kc2 Ra6 56. Rxc6 Rxc6 57. Rb8
Ra6 58. a8=Q Rxa8 59. Rxa8 Bb4 60. Kd1 Ke6 61. Ke2 Ke5 62. Rb8 Bc5 63. Rg8
Kf4 64. Rc8 Be7 65. c5 g4 66. hxg4 h3 67. c6 Bf6 68. Kf1 e3 69. fxe3+ Kg3
70. Kg1 1-0